000 00308nam a22001337a 4500
020 _a81-7826-185-5
082 _a823
_bWAL/B
245 _aBEN-HUR
_bSHORT STORY
246 _aBEN-HUR
_bSHORT STORY
250 _a2003
260 _aDELHI
_bROHAN BOOK COMPANY
_c2003
520 _aCHILDRENS SHORT STORY
942 _cBK
999 _c305
_d305